000 00588nam a2200205Ia 4500
003 OSt
005 20230421155647.0
008 210423s2008 xx 000 0 und d
020 _a9780521730853
040 _cAL
041 _aeng
082 _a822
_223
_bOCOJ
100 _aO''CONNOR (John),Ed.
_991725
245 _aExits and entrances: a srama collection from stage and screen.
260 _aNew Delhi
_bCambridge University Press
_c2008
300 _avi,282
_bPB
365 _b295
_cINR
906 _acollection ; entrances: ; Exits ; screen. ; srama ; stage
942 _2ddc
_cBK
999 _c160920
_d160920